000 00880cam a2200133 4500500
005 20260405051117.0
041 _afre
042 _adc
100 1 0 _aRubino, Gianfranco
_eauthor
245 0 0 _aLire Didier Daeninckx
260 _bArmand Colin,
_c2009.
520 _aAuteur français de romans noirs, de nouvelles et d’essais, Didier Daeninckx construit une critique sociale et politique en prise avec l’actualité (révisionnisme) et les événements marquants et parfois oubliés du siècle passé (massacre des Algériens du 17 octobre 1961).Il a ainsi publié Meurtres pour mémoire, Le Géant inachevé et Le Der des der.Ce livre présente la vie et l’environnement de Didier Daeninckx. Les thèmes et les structures de ses textes sont analysés. 
856 4 1 _uhttps://shs.cairn.info/lire-didier-daeninckx--9782200243289?lang=fr&redirect-ssocas=7080
999 _c2175427
_d2175427